Statistiques concernant Les vents dans le titre de films ou de séries TV

Cliquez ici pour prendre le quiz!

Statistiques générales

  • Ce quiz a été pris 161 fois
  • Le résultat moyen est 4 sur 12

Statistiques - réponses

TitreMot% Correct
Autant en ... le ventemporte
99%
Entre vents et ...marées
78%
Quatre ... dans le ventgarçons
48%
Le ... de siroccocoup
43%
Des vents ....contraires
29%
L'ouragan vient de ...Navarone
14%
Ouragan sur le ...Caine
10%
Dans un grand vent de ...fleurs
10%
Du vent dans mes ....mollets
10%
Typhon sur ....Nagasaki
8%
... aux quatre ventsNoelle
8%
Le vent des ...moissons
6%

Distribution des résultats

Percentile par nombre de réponses

% des personnes avec chaque résultat

Votre développement - résultats

Vous n’avez pas pris ce quiz